000 00296nam a22001337a 4500
008 180914b xxu||||| |||| 00| 0 eng d
020 _a9780781722681
041 _aeng
080 _24 ED
_a617
100 _a6
101 _aANA
245 _aClinical Anesthesia
_cBarash.P.G
942 _2udc
_cBK
999 _c47804
_d47804